000 00852nam a2200253 i 4500
003 DO-SdBNP
005 20240613121253.0
007 ta
008 201214b2013 dr ||||| |||| 00| 0 spa d
020 _a9789945452563
040 _aDO-SdBNP
_bspa
_cBNPHU
_erda
082 4 _222
100 _aMessón, Omar,
_964170
_eautor
245 1 0 _aAnimalarium /
_cOmar Messón
264 _aPuerto Plata, Republica Dominicana :
_b Renovación,
_c2013.
300 _a48 páginas:
_bilustraciones ;
_c20 cm.
336 _2rdacontent
_atexto
_btxt
337 _2rdamedia
_asin mediación
_bn
338 _2rdacarrier
_avolumen
_bnc
500 _a
586 _aÚnico a Nivel Nacional Categoría Adultos, Genero Literatura Infantil Delia Quesada, 2012. Concurso Literario Por Nuestro País Primero.
590 _aInventariado, 2020 /LP
942 _2ddc
_cLF2
999 _c49280
_d49280